| 000 | 00773nam a22002417a 4500 | ||
|---|---|---|---|
| 999 |
_c21095 _d21095 |
||
| 003 | AR-CdUCM | ||
| 008 | 190306b ||||| |||| 00| 0 esp d | ||
| 020 | _aISBN | ||
| 040 |
_aMUNICIPALIDAD PROVINCIAL DEL CUSCO _cBIBLIOTECA MUNICIPAL DEL CUSCO |
||
| 082 |
_a818.5 / _bW56 _28va ed. |
||
| 100 |
_aWilder, Thornton _910783 |
||
| 245 |
_aLos Idus de marzo I _cThornton Wilder. |
||
| 260 |
_aBuenos Aires : _bEmecé, _c1967. |
||
| 300 |
_a230 paginas ; _c18 cm. |
||
| 500 | _aNovela histórica con referencia a Cayo Julio César. | ||
| 650 |
_aNovelas estadounidenses _9734 |
||
| 650 |
_aNovelas históricas romanas _910784 |
||
| 650 |
_aSiglo XX _98 |
||
| 700 |
_aOyuela, María Antonia _910785 |
||
| 700 |
_aTraductor _910753 |
||
| 942 |
_2ddc _cLIBROS |
||
| 945 | _aacrt | ||